История и философия экологического знания: учебное пособие

Dettagli Bibliografici
Autore principale: Рубанова Е. В. Елена Витальевна
Ente Autore: Национальный исследовательский Томский политехнический университет (ТПУ) Институт социально-гуманитарных технологий (ИСГТ) Кафедра философии (ФИЛ)
Riassunto:Заглавие с титульного экрана
Электронная версия печатной публикации
В пособии рассматриваются генезис и сущность экологического знания с использованием методов сравнительного и логического анализа, а также с теоретическим обоснованием различных концептуальных философских и естественно-научных подходов. Предназначено для аспирантов, магистров и всех, интересующихся историей и философией экологического знания.
Режим доступа: из корпоративной сети ТПУ
Lingua:russo
Pubblicazione: Томск, Изд-во ТПУ, 2014
Soggetti:
Accesso online:http://www.lib.tpu.ru/fulltext2/m/2015/m176.pdf
Natura: Elettronico Libro
KOHA link:https://koha.lib.tpu.ru/cgi-bin/koha/opac-detail.pl?biblionumber=296747

MARC

LEADER 00000nlm0a2200000 4500
001 296747
005 20231102000934.0
035 |a (RuTPU)RU\TPU\book\321855 
035 |a RU\TPU\book\321852 
090 |a 296747 
100 |a 20150602d2014 m y0rusy50 ca 
101 0 |a rus 
102 |a RU 
105 |a a j 001zy 
135 |a drgn ---uucaa 
181 0 |a i  
182 0 |a b 
200 1 |a История и философия экологического знания  |b Электронный ресурс  |e учебное пособие  |f Е. В. Рубанова  |g Национальный исследовательский Томский политехнический университет (ТПУ) 
203 |a Текст  |c электронный 
210 |a Томск  |c Изд-во ТПУ  |d 2014 
230 |a 1 компьютерный файл (pdf; 1.1 MB) 
300 |a Заглавие с титульного экрана 
300 |a Электронная версия печатной публикации 
330 |a В пособии рассматриваются генезис и сущность экологического знания с использованием методов сравнительного и логического анализа, а также с теоретическим обоснованием различных концептуальных философских и естественно-научных подходов. Предназначено для аспирантов, магистров и всех, интересующихся историей и философией экологического знания. 
333 |a Режим доступа: из корпоративной сети ТПУ 
337 |a Adobe Reader 
452 1 |0 (RuTPU)RU\TPU\book\316362  |t История и философия экологического знания  |o учебное пособие  |f Е. В. Рубанова  |g Национальный исследовательский Томский политехнический университет (ТПУ)  |c Томск  |n Изд-во ТПУ  |d 2014  |p 136 с.  |a Рубанова, Елена Витальевна 
606 1 |a Экология в целом  |2 stltpush  |3 (RuTPU)RU\TPU\subj\39023  |9 59264 
610 1 |a электронный ресурс 
610 1 |a труды учёных ТПУ 
610 1 |a учебные пособия 
610 1 |a история 
610 1 |a философия 
610 1 |a экологическое знание 
610 1 |a генезис 
610 1 |a сравнительный анализ 
610 1 |a логический анализ 
610 1 |a философские подходы 
610 1 |a естественно-научный подход 
610 1 |a экологическая парадигма 
610 1 |a экологический императив 
610 1 |a философское осмысление 
675 |a 504(075.8)  |v 3 
700 1 |a Рубанова  |b Е. В.  |c философ  |c доцент Томского политехнического университета, кандидат философских наук  |f 1971-  |g Елена Витальевна  |2 stltpush  |3 (RuTPU)RU\TPU\pers\25998 
712 0 2 |a Национальный исследовательский Томский политехнический университет (ТПУ)  |b Институт социально-гуманитарных технологий (ИСГТ)  |b Кафедра философии (ФИЛ)  |h 39  |2 stltpush  |3 (RuTPU)RU\TPU\col\18928 
801 1 |a RU  |b 63413507  |c 20090108  |g PSBO 
801 2 |a RU  |b 63413507  |c 20160615  |g RCR 
856 4 |u http://www.lib.tpu.ru/fulltext2/m/2015/m176.pdf 
942 |c CF